000 00252nam a2200109Ia 4500
008 220204s9999 xx 000 0 und d
082 _a82-3
_bSIM
100 _aSimmons, Geoffrey S
245 0 _aZ papers
260 _aToronto
_bBantam
_c1977
942 _cBK
999 _c29988
_d29988